Najczęściej odgadywane miasta według stanu USA #2 - Statystyki

Ogólne statystyki
  • Ten quiz został rozwiązany 5 razy
  • Średni wynik to 7 z 40
Statystyki odpowiedzi
Stan % Miasto % Poprawnych
Massachusetts 100 Boston
100%
Illinois 100 Chicago
100%
Kolorado 100 Denver
100%
Wisconsin 97 Milwaukee
80%
Arizona 100 Phoenix
80%
Waszyngton 100 Seattle
60%
Alaska 97 Anchorage
20%
Massachusetts 68 Cambridge
20%
Arizona 76 Mesa
20%
Massachusetts 69 Springfield
20%
Illinois 86 Springfield
20%
Arizona 90 Tucson
20%
Massachusetts 70 Worcester
20%
Kolorado 73 Aurora
0%
Illinois 54 Aurora
0%
Alaska 47 Barrow
0%
Kolorado 79 Boulder
0%
New Jersey 56 Camden
0%
Kolorado 89 Colorado Springs
0%
Wisconsin 56 Eau Claire
0%
New Jersey 52 Elizabeth
0%
Alaska 77 Fairbanks
0%
Arizona 74 Flagstaff
0%
Kolorado 60 Fort Collins
0%
Wisconsin 87 Green Bay
0%
New Jersey 83 Jersey City
0%
Alaska 93 Juneau
0%
Wisconsin 60 Kenosha
0%
Massachusetts 51 Lowell
0%
Wisconsin 94 Madison
0%
New Jersey 93 Newark
0%
Alaska 53 Nome
0%
Waszyngton 79 Olympia
0%
Illinois 56 Peoria
0%
Illinois 54 Rockford
0%
Arizona 67 Scottsdale
0%
Waszyngton 79 Spokane
0%
Waszyngton 75 Tacoma
0%
New Jersey 87 Trenton
0%
Waszyngton 67 Vancouver
0%
Nie znaleziono quizów pasujących do podanych kryteriów
Rozkład punktacji
Procent ludzi z każdym wynikiem
Percentyl według liczby udzielonych odpowiedzi
Twoja historia wyników
Nie rozwiązałeś tego quizu